[Event "Asia-ch Amateur"]
[Site "Dubai"]
[Date "2023.08.29"]
[Round "3"]
[White "Owlad, Ehsan"]
[Black "Kumaresh, A."]
[Result "0-1"]
[WhiteElo "1897"]
[BlackElo "1703"]
[PlyCount "94"]
[EventDate "2023.08.28"]
[EventType "swiss"]
[EventRounds "9"]
[EventCountry "UAE"]
[SourceTitle "EXT 2024"]
[Source "ChessBase"]
[SourceDate "2023.10.10"]
[SourceVersion "1"]
[SourceVersionDate "2023.10.10"]
[SourceQuality "1"]

1. d4 Nf6 2. Nf3 d5 3. Bf4 e6 4. Nbd2 Be7 5. e3 0-0 6. Bd3 c5 7. c3 Nc6 8. 0-0 Nh5 9. Be5 f6 10. Bg3 Nxg3 11. hxg3 f5 12. a3 c4 13. Bc2 b5 14. Ne5 Bb7 15. f4 Nxe5 16. fxe5 g6 17. g4 Bg5 18. Re1 Bh4 19. gxf5 Bxe1 20. Qxe1 gxf5 21. Nf3 Kh8 22. Kf2 Rg8 23. Qh1 Qe7 24. Qh5 Rg7 25. Rh1 a5 26. Qh6 Kg8 27. Rh5 Rg6 28. Qf4 Qg7 29. Qh2 b4 30. g3 Bc6 31. Nh4 bxa3 32. bxa3 Rg4 33. Bd1 Be8 34. Bxg4 fxg4 35. Ng2 Bxh5 36. Qxh5 Qf7+ 37. Nf4 Qxh5 38. Nxh5 Rb8 39. Nf6+ Kf7 40. e4 dxe4 41. Nxe4 Rb3 42. Nd6+ Ke7 43. Nxc4 a4 44. Ne3 Rxc3 45. d5 Rxa3 46. d6+ Kd8 47. Ke2 Rxe3+ 0-1

[Event "Asia-ch Amateur"]
[Site "Dubai"]
[Date "2023.08.29"]
[Round "2"]
[White "Sharma, Pankaj1111"]
[Black "Owlad, Ehsan"]
[Result "1/2-1/2"]
[WhiteElo "1733"]
[BlackElo "1897"]
[PlyCount "115"]
[EventDate "2023.08.28"]
[EventType "swiss"]
[EventRounds "9"]
[EventCountry "UAE"]
[SourceTitle "EXT 2024"]
[Source "ChessBase"]
[SourceDate "2023.10.10"]
[SourceVersion "1"]
[SourceVersionDate "2023.10.10"]
[SourceQuality "1"]

1. c4 c6 2. Nf3 Nf6 3. g3 g6 4. b3 Bg7 5. Bg2 0-0 6. 0-0 d6 7. d4 c5 8. Bb2 cxd4 9. Nxd4 a6 10. Nc3 Qc7 11. Rc1 Bh6 12. e3 Bg4 13. Qd2 Bg7 14. h3 Bd7 15. Rfd1 Ra7 16. Nd5 Qd8 17. Bc3 Nxd5 18. cxd5 a5 19. a4 Be8 20. Bf1 Nd7 21. Nb5 Bxc3 22. Rxc3 Ne5 23. Kg2 Bxb5 24. Bxb5 Nd7 25. Bxd7 Qxd7 26. Rdc1 b5 27. Rc6 bxa4 28. bxa4 h5 29. R1c4 f6 30. Qc2 Kf7 31. Rc7 Rxc7 32. Rxc7 Qd8 33. Qc6 Re8 34. Qb6 Kf8 35. Qxa5 Qb8 36. Rc4 Qa8 37. Qxa8 Rxa8 38. Kf3 Kf7 39. Ke4 f5+ 40. Kd4 Kf6 41. h4 Ra5 42. e4 fxe4 43. Kxe4 e6 44. Rd4 exd5+ 45. Rxd5 Rxa4+ 46. Ke3 Ke6 47. Rg5 Ra3+ 48. Kd4 Kf6 49. Ke4 Ra2 50. Ke3 Rc2 51. Rd5 Rc6 52. Kd4 Ra6 53. Rg5 Ra1 54. Ke3 Re1+ 55. Kd4 Re2 56. f4 Rd2+ 57. Ke3 Rd1 58. Ke4 1/2-1/2

[Event "Asia-ch Amateur"]
[Site "Dubai"]
[Date "2023.08.28"]
[Round "1"]
[White "Owlad, Ehsan"]
[Black "Muhammed, Zahid"]
[Result "1-0"]
[WhiteElo "1897"]
[BlackElo "1567"]
[PlyCount "63"]
[EventDate "2023.08.28"]
[EventType "swiss"]
[EventRounds "9"]
[EventCountry "UAE"]
[SourceTitle "EXT 2024"]
[Source "ChessBase"]
[SourceDate "2023.10.10"]
[SourceVersion "1"]
[SourceVersionDate "2023.10.10"]
[SourceQuality "1"]

1. d4 Nf6 2. Nf3 d5 3. c4 e6 4. Bg5 Be7 5. Nbd2 h6 6. Bh4 0-0 7. e3 Nbd7 8. Bd3 c5 9. 0-0 b6 10. Rc1 Bb7 11. Bg3 Ne4 12. cxd5 Nxg3 13. hxg3 exd5 14. Ne5 Nf6 15. Qf3 Rc8 16. g4 cxd4 17. exd4 Qd6 18. a3 Rxc1 19. Rxc1 Rc8 20. Re1 Rc7 21. Nf1 Bc8 22. Ng3 g6 23. Ne2 Bf8 24. Nc3 a6 25. Qg3 Re7 26. Rc1 Re8 27. f4 Bg7 28. Qf3 h5 29. g5 Bg4 30. Qf2 Ne4 31. Nxe4 dxe4 32. Rc6 1-0

[Event "Asia-ch Amateur"]
[Site "Muscat"]
[Date "2022.10.01"]
[Round "4"]
[White "Owlad, Ehsan"]
[Black "Al Zadjali, Abdul Rahman"]
[Result "0-1"]
[WhiteElo "1962"]
[BlackElo "1534"]
[PlyCount "144"]
[EventDate "2022.09.29"]
[EventType "swiss"]
[EventRounds "9"]
[EventCountry "OMN"]
[SourceTitle "CBM 210 Extra"]
[Source "ChessBase"]
[SourceDate "2022.11.30"]
[SourceVersion "1"]
[SourceVersionDate "2022.11.30"]
[SourceQuality "1"]

1. d4 Nf6 2. Nf3 c5 3. c3 b6 4. Bf4 Bb7 5. Nbd2 e6 6. e3 Be7 7. dxc5 bxc5 8. Nc4 d5 9. Nce5 0-0 10. Bd3 Nbd7 11. 0-0 c4 12. Bc2 Nc5 13. h3 Nfe4 14. Nd4 Rc8 15. f3 Nd6 16. Qb1 h6 17. Qe1 f6 18. Ng6 e5 19. Bh2 Re8 20. Nf5 Nxf5 21. Bxf5 Rb8 22. Rd1 Bc8 23. Bxc8 Rxc8 24. Qg3 Nd3 25. b4 a5 26. a3 Qb6 27. Qg4 Rcd8 28. Kh1 axb4 29. axb4 Bf8 30. Bg1 Qe6 31. Qh5 Qf7 32. Ra1 Bd6 33. Qg4 f5 34. Qg3 e4 35. f4 Re6 36. Ne5 Nxe5 37. fxe5 Bxe5 38. Qe1 Qf6 39. Ra3 g5 40. Bh2 f4 41. Qd2 f3 42. Bxe5 Rxe5 43. b5 Rf8 44. g3 f2 45. Ra6 Qf3+ 46. Kh2 h5 47. Qd4 Qf5 48. b6 Re6 49. Ra7 Ref6 50. Ra5 Rd6 51. b7 h4 52. g4 Qe6 53. Rb5 Rdd8 54. Rb6 Qf7 55. Qe5 Qg7 56. Qe6+ Kh8 57. Kg2 Rde8 58. Qxd5 Qc7 59. Rd6 Rf6 60. Qxg5 Qxd6 61. Qxh4+ Kg7 62. Qg5+ Rg6 63. Qb5 Rh8 64. Qf5 Rxh3 65. Qxg6+ Kxg6 66. Kxh3 Qb8 67. Rxf2 Qxb7 68. Rd2 Qh7+ 69. Kg3 Qc7+ 70. Kh3 Qe5 71. Rd4 Qf6 72. Rxc4 Qf1+ 0-1

[Event "Mersin op 5th"]
[Site "Mersin"]
[Date "2021.11.19"]
[Round "6"]
[White "Mgeladze, Kesaria"]
[Black "Owlad, Ehsan"]
[Result "0-1"]
[WhiteElo "1507"]
[BlackElo "1972"]
[PlyCount "58"]
[EventDate "2021.11.16"]
[EventType "swiss"]
[EventRounds "9"]
[EventCountry "TUR"]
[SourceTitle "EXT 2023"]
[Source "ChessBase"]
[SourceDate "2022.10.05"]
[SourceVersion "1"]
[SourceVersionDate "2022.10.05"]
[SourceQuality "1"]

1. e4 e6 2. d4 d5 3. Nc3 Nf6 4. e5 Nfd7 5. f4 c5 6. Nf3 Nc6 7. Be3 Be7 8. Qd2 0-0 9. 0-0-0 c4 10. f5 b5 11. fxe6 fxe6 12. Ng5 b4 13. Nce4 Nb6 14. Ng3 c3 15. bxc3 bxc3 16. Qxc3 Bxg5 17. Bxg5 Qxg5+ 18. Rd2 Bd7 19. h4 Qh6 20. Kd1 Na4 21. Qa3 Na5 22. Be2 Rac8 23. Ke1 Rc3 24. Qe7 Nb6 25. Nh5 Nc6 26. Qg5 Qxg5 27. hxg5 Nb4 28. Bd1 Bb5 29. Rh3 Rf1# 0-1